000 00790nam a2200265 i 4500
001 C2-0302356
003 PPAK
005 20180728083419.0
008 100121s2008 waua|||| ||||| | eng d
020 _a9780872893672
040 _aPPAK
_beng
_cPPAK
_erda
082 0 4 _a324.6097303
_223
090 0 0 _a324.6097303
_bPRE
_dRLCK
245 0 4 _aThe presidency
_ba to z
250 _aFourth edition
264 1 _aWashington D.C. :
_bCQ Press ,
_c2008
300 _axviii, 675 pages :
_billustrations ;
_c24 cm
336 _2rdacontent
_atext
337 _2rdamedia
_aunmediated
338 _2rdacarrier
_avolume
490 1 _aAmerican Government A to Z Series
650 1 0 _aPresidency - United States - Encyclopedia.
830 0 _aAmerican Government A to Z Series
942 _ddc
_cB
999 _c106017
_d106017